Sitios de las cordilleras y monumentos de los pueblos indígenas de América
Uloženo v:
| Hlavní autor: | |
|---|---|
| Médium: | Kniha |
| Jazyk: | španělština |
| Vydáno: |
Buenos Aires
Solar
1968
|
| Edice: | Dimensión Americana
|
| Témata: | |
| Tagy: |
Přidat tag
Žádné tagy, Buďte první, kdo vytvoří štítek k tomuto záznamu!
|
MARC
| LEADER | 00000nam a2200000 a 4500 | ||
|---|---|---|---|
| 001 | UCP7939 | ||
| 003 | CL-VaPUC | ||
| 008 | 000106e19680000AG |||||||||||||||||spa|d | ||
| 082 | 0 | 4 | |a 918 |b HUM |2 21 |
| 100 | 0 | |a Humboldt, Alexander von |e author |9 268688 | |
| 245 | 1 | 0 | |a Sitios de las cordilleras y monumentos de los pueblos indígenas de América |
| 300 | |a 297 p | ||
| 942 | |c BK | ||
| 945 | |d 20000106 00:00:00 |a rherrera | ||
| 260 | |a Buenos Aires |b Solar |c 1968 | ||
| 600 | 0 | 7 | |a HUMBOLD, ALEXANDER VON |2 CL-VaPUC |9 437670 |
| 650 | 7 | |a GEOGRAFIA AMERICANA |2 CL-VaPUC |9 437671 | |
| 650 | 7 | |a CORDILLERA |2 CL-VaPUC |9 437672 | |
| 650 | 0 | |a Monumentos |9 265246 | |
| 650 | 0 | |a Arte indígena |9 379770 | |
| 651 | 0 | |a América |9 255182 | |
| 651 | 0 | |a Perú |9 256567 | |
| 651 | 0 | |a México |9 255269 | |
| 651 | 0 | |a Bogotá |9 323524 | |
| 583 | |a last modification |c 20000106 00:00:00 |k Rodrigo Vera | ||
| 490 | 0 | |a Dimensión Americana | |
| 999 | |c 284976 |d 284974 | ||
| 952 | |0 0 |1 0 |4 0 |6 918_000000000000000_HUM_1968 |7 0 |8 A |9 329302 |a BIBHIS |b BIBHIS |d 2019-11-20 |i 1376594 |o 918 HUM 1968 |p 1376594 |r 2025-01-20 |w 2019-11-20 |y BK |k HIS | ||
| 952 | |0 0 |1 0 |4 0 |6 918_000000000000000_HUM_1968 |7 0 |8 A |9 329303 |a BIBART |b BIBART |d 2019-11-20 |i 1206974 |o 918 HUM 1968 |p 1206974 |r 2025-03-13 |w 2019-11-20 |y BK |k ART | ||